Development in hydrology

Na minha lista:
Detalhes bibliográficos
Autor principal: Development in hydrology
Formato: Livro
Idioma:Undetermined
Publicado em: Dordrecht Kluwer Academic 1999
Assuntos:
Tags: Adicionar Tag
Sem tags, seja o primeiro a adicionar uma tag!
Thư viện lưu trữ: Trung tâm Học liệu Trường Đại học Cần Thơ
LEADER 00530nam a2200169Ia 4500
001 CTU_48900
008 210402s9999 xx 000 0 und d
082 |a 577.6 
082 |b D489/Vol.147 
100 |a Development in hydrology 
245 0 |a Development in hydrology 
245 0 |c Development in hydrology; Biên tập, hiệu đính: H.J.Dumont 
260 |a Dordrecht 
260 |b Kluwer Academic 
260 |c 1999 
650 |a aquatic ecology,aquatic plants 
980 |a Trung tâm Học liệu Trường Đại học Cần Thơ